| 000 | 00512nam a2200205 4500 | ||
|---|---|---|---|
| 001 | 33959 | ||
| 010 | _a9789898818782 | ||
| 021 |
_aPT _b420866/17 |
||
| 090 | _a33959 | ||
| 100 | _a20220609 frey50 | ||
| 101 | _apor | ||
| 102 | _aPT | ||
| 200 |
_aOs segredos que o nosso corpo revela _fAlexandre Monteiro |
||
| 205 | _a18ยช. ed. | ||
| 210 |
_aBarcarena _cManuscrito _dreimp. 2021 |
||
| 215 |
_a295 p. _cil. _d23 cm |
||
| 700 |
_4070 _aMonteiro _bAlexandre |
||
| 801 |
_aPT _gRPC |
||
| 990 | _cLIVROS | ||
| 994 | _aCOMP | ||